MARC

LEADER 00000nam0a2200000 4500
001 23058
005 20231101205527.0
010 |a 5060034526 
010 |a 5-7695-0199-5 
035 |a (RuTPU)RU\TPU\book\23273 
035 |a BOOK00023345 
090 |a 23058 
100 |a 20011209d1999 km y0rusy50 ca 
101 0 |a rus 
102 |a RU 
105 |a y g 000zy 
200 1 |a Справочник газосварщика и газорезчика  |f Н. И. Никифоров, С. П. Нешумова, И. А. Антонов 
205 |a 2-е изд., испр. 
210 |a Москва  |c Высшая школа  |c Академия  |d 1999 
215 |a 239 с.  |c ил. 
606 1 |a Газовая сварка  |2 stltpush  |3 (RuTPU)RU\TPU\subj\72773  |9 86167 
606 1 |a Газовая резка  |2 stltpush  |3 (RuTPU)RU\TPU\subj\72799  |9 86193 
610 1 |a наплавка 
610 1 |a пайка 
610 1 |a нагрев 
610 1 |a напыление 
610 1 |a оборудование 
610 1 |a технология 
610 1 |a аппаратура 
610 1 |a сварные соединения 
610 1 |a газопламенная обработка 
610 1 |a качество 
610 1 |a контроль 
610 1 |a металлы 
610 1 |a справочники 
610 1 |a обработка 
675 |a 621.791.5(03)  |v 3 
675 |a 621.791.945(03)  |v 3 
700 1 |a Никифоров  |b Н. И.  |g Николай Иванович 
701 1 |a Нешумова  |b С. П.  |g Светлана Петровна 
701 1 |a Антонов  |b И. А.  |g Игорь Александрович 
801 0 |a RU  |b 63413507  |c 20011209  |g PSBO 
801 2 |a RU  |b 63413507  |c 20180507  |g PSBO 
942 |c BK